| 000 | 01791nam0a2200313 4500 | ||
|---|---|---|---|
| 001 | RU\NLR\bibl\483544 | ||
| 005 | 20260601073733.0 | ||
| 010 |
_a5-8180-0132-6 _9300 |
||
| 021 |
_aRU _b2003-66119 _93260 |
||
| 035 | _a(NLR Aleph) 000476298 | ||
| 090 |
_a1025399 _c1025399 |
||
| 100 | _a20040126d2003 |||y0rusy50 ca | ||
| 101 | 0 | _arus | |
| 102 | _aRU | ||
| 105 | _aa ||||||||| | ||
| 200 | 1 |
_aРегион: социально-экономический, этнографический и культурный феномен России _eСб. науч. тр. _e[Материалы Ежегод. науч.-практ. конф. проф.-преп. состава ПАГС, 28 нояб. 2002 г.] _fПоволж. акад. гос. службы им. П.А. Столыпина _g[Редкол.: С.Ю. Наумов, д.ист.н., проф. (отв. ред.) и др.] |
|
| 210 |
_aСаратов _cПАГС _d2003 |
||
| 215 |
_a280 с. _cил. _d29 |
||
| 320 | _aБиблиогр. в конце ст. | ||
| 606 | 0 |
_aРегиональная экономика _jСъезды, совещания и т.п. _yПоволжье _92105959 _3RU\NLR\auth\661273176 |
|
| 686 | _aУ04(2Р35)9я431 | ||
| 702 | 1 |
_4340 _8rus _7ca _aНаумов _bС. Ю. _cд-р ист. наук _f1963- _gСергей Юрьевич _3RU\NLR\auth\7729821 _912849 |
|
| 711 | 0 | 2 |
_aПоволжская академия государственной службы им. П. А. Столыпина _cСаратов _bНаучно-практическая конференция профессорско-преподавательского состава _f2002 _3RU\NLR\AUTH\8810051258 _9602808 |
| 801 | 0 |
_aRU _bNLR _c20040126 _gPSBO |
|
| 801 | 1 |
_aRU _bNLR _c20040126 |
|
| 942 | _cBOOK | ||
| 980 | _aNB | ||
| 980 | _aNBR | ||